Statistics for Historical Swords

Click here to take the quiz!

General Stats

  • This quiz has been taken 333 times
  • The average score is 6 of 15

Answer Stats

HintAnswer% Correct
Japanese single-edged, curved swordKatana
94%
Roman Short SwordGladius
75%
Slim, European duelling sword with complex hiltRapier
71%
Generic name for the type of sword a medieval European Knight would useLongsword
69%
Scottish, two-handed swordClaymore
66%
Generic name for the type of single-edged, curved sword used by cavalrySabre
66%
Nepalese Knife/Short Sword used by GurkhasKukri
32%
Ancient Egyptian, sickle-shaped swordKhopesh
29%
Single-edged Chinese sword. Name literally translates as "knife"Dao
24%
Roman Long SwordSpatha
18%
Single-edge, curved blade prominent in India from c1500ADTalwar
15%
Ancient Greek curved blade, curving away from handKopis
13%
Ottoman (Turkish) curved swordKilij
12%
Iberian/Spanish version of above swordFalcata
9%
German practice longswordFederschwert
8%

Score Distribution

Percentile by Number Answered

Percent of People with Each Score

Your Score History

You have not taken this quiz